000 00554nam a2200181 a 4500
005 20250116063827.0
008 991125s1940 mx 000 0 spa u
035 _aUPN01000007724
049 _aCG
050 4 _aLB1025
_bH4.2
100 1 _aHernández Ruiz, Santiago,
_d1901-1988
_928897
245 1 3 _aLa ciencia de la educación /
_cSantiago Hernández Ruiz, Domingo Tirado Benedi.
260 _aMéxico :
_bAtlante,
_c1940.
300 _av.
650 4 _aEducación
_9682
700 1 _aTirado Benedí, Domingo,
_d1898-1971
_ecoaut.
_929434
905 _aLibro
999 _c7724
_d7724